[Event "Nikaia Fysiolatriko op 06th"]
[Site "Nikaia"]
[Date "2008.06.25"]
[Round "6"]
[White "Shahtahtinsky, Alekper"]
[Black "Fragkos, Vasilios"]
[Result "1-0"]
[WhiteElo "2307"]
[BlackElo "1986"]
[PlyCount "63"]
[EventDate "2008.06.21"]
[EventType "swiss"]
[EventRounds "7"]
[EventCountry "GRE"]
[SourceTitle "EXT 2010"]
[Source "ChessBase"]
[SourceDate "2010.11.25"]
[SourceVersion "1"]
[SourceVersionDate "2010.11.25"]
[SourceQuality "1"]

1. d4 b5 2. e4 Bb7 3. f3 a6 4. a4 b4 5. c3 a5 6. cxb4 axb4 7. Bd3 e6 8. Be3 d5 9. e5 Ba6 10. Ne2 Bxd3 11. Qxd3 Ne7 12. Nd2 Nf5 13. Bf2 h5 14. b3 Be7 15. Rc1 c6 16. f4 Kd7 17. Ng3 Nxg3 18. Bxg3 g6 19. Nf3 Ra5 20. 0-0 Na6 21. Rc2 Qb6 22. Bh4 Qd8 23. Bxe7 Qxe7 24. Rfc1 Rc8 25. Qe2 c5 26. dxc5 Rcxc5 27. Nd4 Rc7 28. Rxc7+ Nxc7 29. Qc2 Ra7 30. Qc6+ Kd8 31. Nb5 Kc8 32. Qb6 1-0

[Event "Ambelokipi op 71st"]
[Site "Athens"]
[Date "2006.09.09"]
[Round "1"]
[White "Shahtahtinsky, Alekper"]
[Black "Theodosakis, Emanuel"]
[Result "1-0"]
[WhiteElo "2273"]
[BlackElo "1448"]
[PlyCount "101"]
[EventDate "2006.09.09"]
[EventType "swiss"]
[EventRounds "7"]
[EventCountry "GRE"]
[SourceTitle "EXT 2007"]
[Source "ChessBase"]
[SourceDate "2006.11.23"]
[SourceVersion "1"]
[SourceVersionDate "2006.11.23"]
[SourceQuality "1"]

1. Nf3 Nf6 2. c4 g6 3. g3 Bg7 4. Bg2 0-0 5. 0-0 d6 6. Nc3 Nbd7 7. d3 c5 8. Bg5 h6 9. Bd2 Qb6 10. a3 a5 11. Rb1 Nb8 12. Nd5 Nxd5 13. cxd5 Bd7 14. Bc3 Na6 15. Nd2 Qc7 16. Nc4 Bxc3 17. bxc3 b5 18. Nd2 Rab8 19. h4 h5 20. Ne4 b4 21. Qc1 Kg7 22. f4 Bf5 23. Nd2 Qc8 24. Nc4 a4 25. cxb4 cxb4 26. axb4 Nxb4 27. Qe3 Nc2 28. Qd2 Qc5+ 29. Kh2 Nd4 30. e3 Nb3 31. Qc3+ Kg8 32. e4 Bg4 33. f5 Nd4 34. Rxb8 Rxb8 35. fxg6 fxg6 36. Qd2 Be2 37. Rf2 Rb1 38. Qg5 Nf3+ 39. Rxf3 Bxf3 40. Qxg6+ Kh8 41. Qe8+ Kg7 42. Qxe7+ Kg8 43. Qg5+ Kh8 44. Qf6+ Kh7 45. Qxf3 a3 46. Qxh5+ Kg7 47. Qg5+ Kf8 48. Qf5+ Kg8 49. Qg6+ Kh8 50. Nxd6 Rb7 51. Nxb7 1-0

[Event "GRE-chT 35th"]
[Site "Ermioni Argolidas"]
[Date "2006.07.08"]
[Round "7"]
[White "Pountzas, Hrisanthos"]
[Black "Shahtahtinsky, Alekper"]
[Result "1/2-1/2"]
[WhiteElo "2262"]
[BlackElo "2273"]
[PlyCount "25"]
[EventDate "2006.07.03"]
[EventType "team"]
[EventRounds "9"]
[EventCountry "GRE"]
[SourceTitle "CBM 113 Extra"]
[Source "ChessBase"]
[SourceDate "2006.09.14"]
[SourceVersion "1"]
[SourceVersionDate "2006.09.14"]
[SourceQuality "1"]

1. c4 Nf6 2. Nc3 c5 3. g3 Nc6 4. Bg2 g6 5. Nf3 d6 6. 0-0 Bg7 7. d4 cxd4 8. Nxd4 Bd7 9. b3 Nxd4 10. Qxd4 Bc6 11. Bb2 Bxg2 12. Kxg2 0-0 13. Rfd1 1/2-1/2

[Event "GRE-chT 35th"]
[Site "Ermioni Argolidas"]
[Date "2006.07.05"]
[Round "3"]
[White "Mastrovasilis, Athanasios"]
[Black "Shahtahtinsky, Alekper"]
[Result "1-0"]
[WhiteElo "2521"]
[BlackElo "2273"]
[PlyCount "119"]
[EventDate "2006.07.03"]
[EventType "team"]
[EventRounds "9"]
[EventCountry "GRE"]
[SourceTitle "CBM 113 Extra"]
[Source "ChessBase"]
[SourceDate "2006.09.14"]
[SourceVersion "1"]
[SourceVersionDate "2006.09.14"]
[SourceQuality "1"]

1. c4 e5 2. g3 Nc6 3. Bg2 d6 4. Nc3 g6 5. e4 Nd4 6. Nce2 Nxe2 7. Nxe2 Be6 8. Qb3 Qc8 9. d4 Bg7 10. Be3 Nf6 11. f4 Ng4 12. Bg1 h5 13. h3 Nh6 14. fxe5 dxe5 15. d5 Bd7 16. Qa3 Bf8 17. c5 Bg7 18. 0-0-0 0-0 19. Qd3 c6 20. Nc3 b6 21. Kb1 bxc5 22. Bxc5 Re8 23. d6 Rd8 24. Rd2 Be6 25. g4 hxg4 26. hxg4 Nxg4 27. Qh3 Nf6 28. Qh4 Rd7 29. Bf3 Qd8 30. Rdh2 Kf8 31. Qg3 Ng8 32. Rh7 Rb8 33. Ka1 Qa5 34. Rxg7 Kxg7 35. Qxe5+ Kf8 36. a3 Re8 37. Qd4 Qa6 38. Be2 Qb7 39. Rf1 Qb3 40. Bd1 Qc4 41. Qf2 a5 42. Be2 Qb3 43. Bd1 Qc4 44. Rg1 f6 45. Be2 Qb3 46. Bd1 Qc4 47. Rxg6 Bf7 48. Be2 Qb3 49. Bd1 Qc4 50. Rg4 Re5 51. Bb6 Ke8 52. Bc7 Qc5 53. Qg3 Kf8 54. Qd3 Qc4 55. Qd2 Be6 56. Rf4 Rg7 57. Qf2 Qc5 58. Qxc5 Rxc5 59. Kb1 Rg1 60. d7 1-0

[Event "GRE-chT 35th"]
[Site "Ermioni Argolidas"]
[Date "2006.07.03"]
[Round "1"]
[White "Dagkakis, Panagiotis"]
[Black "Shahtahtinsky, Alekper"]
[Result "1/2-1/2"]
[WhiteElo "2267"]
[BlackElo "2273"]
[PlyCount "36"]
[EventDate "2006.07.03"]
[EventType "team"]
[EventRounds "9"]
[EventCountry "GRE"]
[SourceTitle "CBM 113 Extra"]
[Source "ChessBase"]
[SourceDate "2006.09.14"]
[SourceVersion "1"]
[SourceVersionDate "2006.09.14"]
[SourceQuality "1"]

1. e4 c5 2. Nf3 Nc6 3. Bb5 g6 4. 0-0 Bg7 5. c3 Nf6 6. Re1 0-0 7. d4 cxd4 8. cxd4 d5 9. e5 Ne4 10. Nc3 Nxc3 11. bxc3 Na5 12. Bg5 f6 13. exf6 exf6 14. Bf4 Bf5 15. Nd2 Rc8 16. Qf3 a6 17. Bf1 Qd7 18. h3 Be6 1/2-1/2

[Event "Ambelokipi op 70th"]
[Site "Athens"]
[Date "2006.05.13"]
[Round "3"]
[White "Tsokopoulos, Dedalos"]
[Black "Shahtahtinsky, Alekper"]
[Result "0-1"]
[WhiteElo "1808"]
[BlackElo "2269"]
[PlyCount "120"]
[EventDate "2006.05.06"]
[EventType "swiss"]
[EventRounds "7"]
[EventCountry "GRE"]
[SourceTitle "EXT 2007"]
[Source "ChessBase"]
[SourceDate "2006.11.23"]
[SourceVersion "1"]
[SourceVersionDate "2006.11.23"]
[SourceQuality "1"]

1. e4 c5 2. Nf3 a6 3. c3 b5 4. d4 e6 5. Be3 Nf6 6. Nbd2 Bb7 7. Bd3 cxd4 8. Nxd4 Nc6 9. 0-0 Ne5 10. Bc2 d5 11. f3 Be7 12. Qe2 dxe4 13. Nxe4 Nc4 14. Bf2 0-0 15. Rad1 Qc7 16. Bg3 Qb6 17. Bf2 Qc7 18. Bg3 Qc8 19. b3 Nxe4 20. Bxe4 Nb6 21. Bxb7 Qxb7 22. Rfe1 Bf6 23. Bf2 Rab8 24. c4 bxc4 25. bxc4 Qc8 26. c5 Nd5 27. Rc1 Rb4 28. Red1 Bxd4 29. Bxd4 Qc6 30. a3 Rb3 31. Qc2 Rfb8 32. Rb1 R3b5 33. a4 Rxb1 34. Rxb1 Rxb1+ 35. Qxb1 f6 36. Qb3 Kf7 37. Kf1 Ne7 38. a5 Qd5 39. Qxd5 exd5 40. Ke2 Nc6 41. Bc3 d4 42. Bd2 Ke6 43. Kd3 Kd5 44. f4 f5 45. h3 h5 46. Be1 Kxc5 47. Bd2 Ne7 48. Bc1 Nd5 49. Ba3+ Nb4+ 50. Bxb4+ Kxb4 51. Kxd4 Kxa5 52. Ke5 Kb5 53. Kxf5 a5 54. g4 hxg4 55. hxg4 a4 56. Kg6 a3 57. Kxg7 a2 58. f5 a1Q+ 59. Kg6 Kc6 60. Kf7 Kd7 0-1

[Event "Ambelokipi op 70th"]
[Site "Athens"]
[Date "2006.05.06"]
[Round "1"]
[White "Maratos, Antonios"]
[Black "Shahtahtinsky, Alekper"]
[Result "0-1"]
[WhiteElo "1789"]
[BlackElo "2269"]
[PlyCount "72"]
[EventDate "2006.05.06"]
[EventType "swiss"]
[EventRounds "7"]
[EventCountry "GRE"]
[SourceTitle "EXT 2007"]
[Source "ChessBase"]
[SourceDate "2006.11.23"]
[SourceVersion "1"]
[SourceVersionDate "2006.11.23"]
[SourceQuality "1"]

1. e4 c5 2. Nf3 Nc6 3. d4 cxd4 4. Nxd4 Qb6 5. Nb3 Nf6 6. Nc3 e6 7. a3 Be7 8. Be3 Qc7 9. Qd2 a6 10. Be2 0-0 11. Rd1 d6 12. 0-0 b5 13. f4 Bb7 14. Bf3 Rab8 15. Qf2 Ba8 16. Nd4 Na5 17. Bc1 Nc4 18. Rd3 d5 19. exd5 exd5 20. Nf5 Bc5 21. Nd4 Ne4 22. Bxe4 dxe4 23. Rdd1 Rbe8 24. Nce2 e3 25. Qg3 f5 26. c3 Rf6 27. Qh3 Rg6 28. Nf3 Nd2 29. Kh1 Nxf1 30. Rxf1 Bxf3 31. Qxf3 Qc6 32. Qxc6 Rxc6 33. g3 Rd6 34. Kg2 Kf7 35. Kf3 g6 36. Re1 Rd3 0-1

[Event "Athens Siaperas Memorial 2nd"]
[Site "Athens"]
[Date "2006.02.25"]
[Round "3"]
[White "Angelis, Ioannis"]
[Black "Shahtahtinsky, Alekper"]
[Result "1/2-1/2"]
[WhiteElo "2060"]
[BlackElo "2269"]
[PlyCount "92"]
[EventDate "2006.02.18"]
[EventType "swiss"]
[EventRounds "5"]
[EventCountry "GRE"]
[SourceTitle "EXT 2024"]
[Source "ChessBase"]
[SourceDate "2023.10.10"]
[SourceVersion "1"]
[SourceVersionDate "2023.10.10"]
[SourceQuality "1"]

1. Nf3 c5 2. c4 Nc6 3. Nc3 g6 4. e3 d6 5. Be2 Bg7 6. d4 Bg4 7. d5 Bxf3 8. Bxf3 Ne5 9. Be2 Nf6 10. 0-0 0-0 11. f4 Ned7 12. e4 a6 13. a4 Qc7 14. a5 Rab8 15. Qc2 b6 16. axb6 Rxb6 17. Bd2 Qb8 18. Na4 Rb7 19. Bc3 Ne8 20. Ra3 Nb6 21. Nxb6 Rxb6 22. Bxg7 Nxg7 23. b3 Qb7 24. Qc3 Rb8 25. Bd1 e6 26. Bc2 Re8 27. Re1 exd5 28. exd5 Rxe1+ 29. Qxe1 Qc8 30. Qe7 Qe8 31. Qxe8+ Nxe8 32. Kf2 Nc7 33. Ra1 Rb8 34. Re1 Kf8 35. g4 h6 36. h4 Re8 37. Ra1 Kg7 38. Kf3 f6 39. h5 g5 40. fxg5 fxg5 41. Bf5 Rb8 42. Bc2 Kf6 43. Rf1 Kg7 44. Ke3 Re8+ 45. Kd2 Rf8 46. Bf5 Kf6 1/2-1/2

[Event "Nikaia op 13th"]
[Site "Nikaia"]
[Date "2005.08.26"]
[Round "5"]
[White "Aroshidze, Levan"]
[Black "Shahtahtinsky, Alekper"]
[Result "1-0"]
[WhiteElo "2463"]
[BlackElo "2312"]
[PlyCount "120"]
[EventDate "2005.08.23"]
[EventType "swiss"]
[EventRounds "9"]
[EventCountry "GRE"]
[SourceTitle "CBM 108 Extra"]
[Source "ChessBase"]
[SourceDate "2005.11.04"]
[SourceVersion "1"]
[SourceVersionDate "2005.11.04"]
[SourceQuality "1"]

1. e4 g6 2. d4 Bg7 3. Nc3 Nc6 4. Be3 d6 5. Nge2 e5 6. Qd2 exd4 7. Nxd4 Nxd4 8. Bxd4 Bxd4 9. Qxd4 Qf6 10. Qd2 Ne7 11. 0-0-0 Be6 12. f4 0-0-0 13. Be2 h5 14. Qe3 Kb8 15. Rd4 c5 16. Rxd6 Rxd6 17. e5 Nf5 18. Qe4 Qg7 19. exd6 Nxd6 20. Qa4 Qd4 21. Rd1 Qxa4 22. Nxa4 Ne4 23. Bf3 Bf5 24. Re1 Nd6 25. Re7 b6 26. Bd5 Rf8 27. Nc3 f6 28. Ne4 Re8 29. Rxe8+ Nxe8 30. Ng3 Nd6 31. Nxf5 Nxf5 32. Bf7 Ne7 33. g3 Kc7 34. Kd2 Kd6 35. Kd3 b5 36. Be8 a6 37. a4 bxa4 38. Kc4 h4 39. gxh4 Nf5 40. Bxg6 Nxh4 41. Be4 f5 42. Bb7 Ng6 43. Bc8 Ne7 44. Bxa6 Ng6 45. Bc8 Ne7 46. Bb7 Ng6 47. Kb5 Nxf4 48. Bf3 Ne6 49. c3 Ke5 50. h4 Kf4 51. Bd1 Ke3 52. h5 Kd2 53. h6 Ng5 54. Bxa4 f4 55. Kxc5 f3 56. Bc6 f2 57. Bg2 Ne6+ 58. Kd6 Nf4 59. Bf1 Ke1 60. h7 Kxf1 1-0

[Event "Athens Acropolis op"]
[Site "Athens"]
[Date "2005.03.09"]
[Round "4"]
[White "Parginos, Vassilios"]
[Black "Shahtahtinsky, Alekper"]
[Result "1/2-1/2"]
[WhiteElo "2109"]
[BlackElo "2327"]
[PlyCount "59"]
[EventDate "2005.03.06"]
[EventType "swiss"]
[EventRounds "9"]
[EventCountry "GRE"]
[SourceTitle "CBM 105 Extra"]
[Source "ChessBase"]
[SourceDate "2005.05.01"]
[SourceVersion "1"]
[SourceVersionDate "2005.05.01"]
[SourceQuality "1"]

1. d4 d6 2. c4 e5 3. Nf3 e4 4. Ng5 f5 5. h4 Nc6 6. Nc3 h6 7. Nh3 Qxh4 8. g3 Qd8 9. Nf4 Nf6 10. Ng6 Rg8 11. e3 Ne7 12. Nf4 g5 13. Nh5 Nxh5 14. Qxh5+ Ng6 15. g4 c6 16. d5 c5 17. Bh3 Qf6 18. Bd2 Kd8 19. Nb5 Ne5 20. Bc3 fxg4 21. Bxe5 Qxe5 22. Bxg4 Qxb2 23. 0-0 a6 24. Bxc8 Rxc8 25. Nd4 cxd4 26. Rab1 Qxa2 27. Qf7 Qe2 28. Qxg8 Qg4+ 29. Kh2 Qh5+ 30. Kg1 1/2-1/2

[Event "Athens Acropolis op"]
[Site "Athens"]
[Date "2005.03.08"]
[Round "3"]
[White "Shahtahtinsky, Alekper"]
[Black "Tsiamis, Konstantinos"]
[Result "1/2-1/2"]
[WhiteElo "2327"]
[BlackElo "2243"]
[PlyCount "28"]
[EventDate "2005.03.06"]
[EventType "swiss"]
[EventRounds "9"]
[EventCountry "GRE"]
[SourceTitle "CBM 105 Extra"]
[Source "ChessBase"]
[SourceDate "2005.05.01"]
[SourceVersion "1"]
[SourceVersionDate "2005.05.01"]
[SourceQuality "1"]

1. c4 c6 2. Nf3 d5 3. cxd5 cxd5 4. d4 Nc6 5. Nc3 Nf6 6. Bf4 a6 7. e3 Bg4 8. Be2 e6 9. 0-0 Bd6 10. Bxd6 Qxd6 11. h3 Bh5 12. Nd2 Bxe2 13. Qxe2 0-0 14. a3 Nd7 1/2-1/2

[Event "Athens Acropolis op"]
[Site "Athens"]
[Date "2005.03.06"]
[Round "1"]
[White "Shahtahtinsky, Alekper"]
[Black "Kokolias, Konstantinos"]
[Result "1/2-1/2"]
[WhiteElo "2327"]
[BlackElo "2137"]
[PlyCount "94"]
[EventDate "2005.03.06"]
[EventType "swiss"]
[EventRounds "9"]
[EventCountry "GRE"]
[SourceTitle "CBM 105 Extra"]
[Source "ChessBase"]
[SourceDate "2005.05.01"]
[SourceVersion "1"]
[SourceVersionDate "2005.05.01"]
[SourceQuality "1"]

1. d4 d5 2. c4 c6 3. cxd5 cxd5 4. Nc3 e5 5. e3 exd4 6. Qxd4 Nf6 7. Nf3 Nc6 8. Qa4 Bc5 9. Be2 0-0 10. 0-0 Qe7 11. Qh4 Rd8 12. Nd4 Nxd4 13. exd4 Ne4 14. Qxe7 Bxe7 15. Nd1 Bf6 16. Be3 Be6 17. Rc1 Rac8 18. Rxc8 Rxc8 19. h3 a6 20. g4 h5 21. Re1 hxg4 22. hxg4 g6 23. Kg2 b5 24. a3 Nd6 25. Nc3 Nc4 26. Bf3 Nxb2 27. Nxd5 Bxd5 28. Bxd5 Rd8 29. Bb7 Bxd4 30. Bxa6 Bxe3 31. Rxe3 Nc4 32. Rb3 Rd4 33. f3 Rd2+ 34. Kg3 Ra2 35. Rxb5 Nxa3 36. Ra5 Ra1 37. Kf4 Nc2 38. Rxa1 Nxa1 39. Bc4 Nc2 40. g5 Kg7 41. Ke5 Ne1 42. Bd5 Nd3+ 43. Ke4 Ne1 44. Ke5 Nd3+ 45. Kd4 Nf4 46. Ke5 Nh3 47. f4 Nxf4 1/2-1/2

[Event "Athens Acropolis op"]
[Site "Athens"]
[Date "2004.11.24"]
[Round "9"]
[White "Klokas, Konstantinos"]
[Black "Shahtahtinsky, Alekper"]
[Result "0-1"]
[WhiteElo "2221"]
[BlackElo "2307"]
[PlyCount "84"]
[EventDate "2004.11.16"]
[EventType "swiss"]
[EventRounds "9"]
[EventCountry "GRE"]
[SourceTitle "CBM 103 Extra"]
[Source "ChessBase"]
[SourceDate "2005.01.01"]
[SourceVersion "1"]
[SourceVersionDate "2005.01.01"]
[SourceQuality "1"]

1. e4 c5 2. Nf3 Nc6 3. d4 cxd4 4. Nxd4 Qb6 5. Nb3 Nf6 6. Nc3 d6 7. Be3 Qc7 8. f3 e6 9. Qd2 a6 10. g4 b5 11. g5 Ne5 12. 0-0-0 Nfd7 13. f4 Nc4 14. Bxc4 Qxc4 15. Rhe1 Be7 16. f5 b4 17. Ne2 Ne5 18. Ned4 a5 19. Kb1 Qa6 20. Qg2 Bd7 21. g6 hxg6 22. fxe6 fxe6 23. Bf4 0-0-0 24. Bxe5 dxe5 25. Nf3 a4 26. Nc1 Bf6 27. Qg1 Bc6 28. Nd3 Qb5 29. Qxg6 b3 30. axb3 axb3 31. Ndxe5 bxc2+ 32. Kxc2 Qa4+ 33. b3 Qa2+ 34. Kc3 Rxd1 35. Rxd1 Rxh2 36. Rd6 Qa5+ 37. Kd3 Qb5+ 38. Ke3 Re2+ 39. Kf4 Rxe4+ 40. Qxe4 Bxe4 41. Kxe4 Qe2+ 42. Kd4 Qxf3 0-1

[Event "Athens Acropolis op"]
[Site "Athens"]
[Date "2004.11.22"]
[Round "7"]
[White "Miezis, Normunds"]
[Black "Shahtahtinsky, Alekper"]
[Result "1-0"]
[WhiteElo "2524"]
[BlackElo "2307"]
[PlyCount "153"]
[EventDate "2004.11.16"]
[EventType "swiss"]
[EventRounds "9"]
[EventCountry "GRE"]
[SourceTitle "CBM 103 Extra"]
[Source "ChessBase"]
[SourceDate "2005.01.01"]
[SourceVersion "1"]
[SourceVersionDate "2005.01.01"]
[SourceQuality "1"]

1. c4 e5 2. Nc3 Nc6 3. g3 g6 4. Bg2 Bg7 5. d3 d6 6. e4 Nd4 7. h3 Ne7 8. Nge2 Nxe2 9. Nxe2 c5 10. a3 a5 11. 0-0 0-0 12. Rb1 Ra7 13. Nc3 Bd7 14. b4 axb4 15. axb4 b6 16. Kh2 Bc6 17. Bd2 f5 18. Ra1 Rxa1 19. Qxa1 f4 20. Rb1 Bh6 21. g4 Bg5 22. Bf3 Qa8 23. Qb2 Qa7 24. Ra1 Qd7 25. Nd5 Nc8 26. Bc3 h6 27. Kg2 Bd8 28. Ra6 g5 29. Qa1 Bb7 30. Ra3 Bc6 31. Rb3 Kf7 32. bxc5 bxc5 33. Kf1 Bc7 34. Ra3 Kg8 35. Ke2 Rf7 36. Kd2 Bd8 37. Bd1 Qb7 38. Ra2 Qb8 39. Ba4 Bxa4 40. Rxa4 Ra7 41. Rxa7 Qxa7 42. Qb2 Qa6 43. Qb8 Qc6 44. Ke2 Kf7 45. Kf3 Ke6 46. Kg2 Kd7 47. Qb2 Ke6 48. Qa1 Kf7 49. Qb2 Qa6 50. Qb8 Qc6 51. Qb1 Qa6 52. h4 gxh4 53. g5 hxg5 54. Qd1 Nb6 55. Qh5+ Kg7 56. Qe8 Nxd5 57. exd5 Qb6 58. Qd7+ Kg6 59. Qe6+ Bf6 60. Bxe5 Qd8 61. Bxd6 Kg7 62. Bxc5 Qb8 63. Qd7+ Kg6 64. Bd6 Qb2 65. Qe8+ Kg7 66. Bf8+ Kh7 67. Qf7+ Kh8 68. Bc5 Qe5 69. Qe6 Kg7 70. Qxe5 Bxe5 71. Kh3 Kf6 72. Kg4 Bc3 73. f3 Be5 74. Bb6 Bd6 75. c5 Be5 76. Bd8+ Kg6 77. c6 1-0

[Event "Athens Acropolis op"]
[Site "Athens"]
[Date "2004.11.21"]
[Round "6"]
[White "Skaperdas, Kostantinos"]
[Black "Shahtahtinsky, Alekper"]
[Result "0-1"]
[WhiteElo "2224"]
[BlackElo "2307"]
[PlyCount "106"]
[EventDate "2004.11.16"]
[EventType "swiss"]
[EventRounds "9"]
[EventCountry "GRE"]
[SourceTitle "CBM 103 Extra"]
[Source "ChessBase"]
[SourceDate "2005.01.01"]
[SourceVersion "1"]
[SourceVersionDate "2005.01.01"]
[SourceQuality "1"]

1. e4 c6 2. d4 d6 3. Nc3 e5 4. Nf3 Bg4 5. dxe5 Bxf3 6. gxf3 dxe5 7. Qxd8+ Kxd8 8. f4 Bd6 9. Rg1 g6 10. Bd2 exf4 11. 0-0-0 Kc7 12. Rg4 Nd7 13. Rxf4 Ne5 14. Be2 h6 15. Rh4 g5 16. Rh3 Nf6 17. Kb1 Ng6 18. Nb5+ cxb5 19. Ba5+ Kc6 20. Bxb5+ Kxb5 21. Rxd6 Nxe4 22. Rd5+ Kc6 23. Rd4 b6 24. Rxe4 bxa5 25. Rc3+ Kb7 26. b4 Rac8 27. Rf3 Nf4 28. bxa5 Rhe8 29. Rd4 Re1+ 30. Kb2 Re2 31. a6+ Kxa6 32. Ra3+ Kb7 33. Rd7+ Rc7 34. Rxa7+ Kxa7 35. Rxc7+ Kb8 36. Rxf7 Rxf2 37. Kb3 Rxh2 38. a4 Ne6 39. Kb4 h5 40. Kb5 Rxc2 41. Rh7 h4 42. Kb6 Rb2+ 43. Ka6 Nc7+ 44. Ka5 Rf2 45. Rh6 Rf5+ 46. Kb4 Kb7 47. Kc4 Rf4+ 48. Kc5 Rxa4 49. Rb6+ Kc8 50. Rh6 Re4 51. Rh8+ Kd7 52. Rh7+ Re7 53. Rh5 Ne6+ 0-1

[Event "Athens Acropolis op"]
[Site "Athens"]
[Date "2004.11.17"]
[Round "2"]
[White "Solak, Dragan"]
[Black "Shahtahtinsky, Alekper"]
[Result "1/2-1/2"]
[WhiteElo "2563"]
[BlackElo "2307"]
[PlyCount "84"]
[EventDate "2004.11.16"]
[EventType "swiss"]
[EventRounds "9"]
[EventCountry "GRE"]
[SourceTitle "CBM 103 Extra"]
[Source "ChessBase"]
[SourceDate "2005.01.01"]
[SourceVersion "1"]
[SourceVersionDate "2005.01.01"]
[SourceQuality "1"]

1. e4 c5 2. Nc3 a6 3. Nf3 b5 4. d4 b4 5. Na4 cxd4 6. Nxd4 e6 7. Be3 Bb7 8. Nb3 Bxe4 9. Nb6 Ra7 10. Nc4 Ra8 11. Nd6+ Bxd6 12. Qxd6 Ne7 13. Qxb4 Bxc2 14. Nd4 Nbc6 15. Qc3 Nxd4 16. Bxd4 Nf5 17. Bxg7 Nxg7 18. Qxc2 Qa5+ 19. Qd2 Qxd2+ 20. Kxd2 a5 21. Bd3 Rb8 22. b3 Ke7 23. Rhc1 Rhc8 24. Rab1 f5 25. Rxc8 Rxc8 26. b4 axb4 27. Rxb4 Ra8 28. a4 Ne8 29. Kc3 Nf6 30. Kb3 Kd6 31. Rh4 Kc5 32. Rh6 Rb8+ 33. Bb5 Rf8 34. Rh3 Rg8 35. Rc3+ Kb6 36. g3 Ne4 37. Rc2 Nf6 38. Rd2 Rc8 39. Rd6+ Kc5 40. Rd3 Rb8 41. Rc3+ Kb6 42. Rc2 Rd8 1/2-1/2

[Event "Athens Acropolis op"]
[Site "Athens"]
[Date "2004.11.16"]
[Round "1"]
[White "Shahtahtinsky, Alekper"]
[Black "Georgiadis, Ioannis"]
[Result "1-0"]
[WhiteElo "2307"]
[BlackElo "2129"]
[PlyCount "59"]
[EventDate "2004.11.16"]
[EventType "swiss"]
[EventRounds "9"]
[EventCountry "GRE"]
[SourceTitle "CBM 103 Extra"]
[Source "ChessBase"]
[SourceDate "2005.01.01"]
[SourceVersion "1"]
[SourceVersionDate "2005.01.01"]
[SourceQuality "1"]

1. d4 Nf6 2. c4 c5 3. e3 cxd4 4. exd4 d5 5. Nc3 e6 6. Nf3 Be7 7. Bd3 0-0 8. 0-0 Nc6 9. Be3 Nb4 10. Be2 dxc4 11. Bxc4 b6 12. Qe2 Bb7 13. Rfd1 Rc8 14. Ne5 Nbd5 15. Bd2 Qd6 16. Rac1 Rfd8 17. Re1 Nc7 18. Bf4 Qxd4 19. Nxf7 Qxf4 20. Bxe6 Rd2 21. Nd8+ Kf8 22. Bxc8 Rxe2 23. Nxe2 Qb4 24. Nxb7 Nfd5 25. Nc3 Nxc3 26. Rxc3 Nd5 27. Rf3+ Bf6 28. Rd1 Qxb2 29. h3 Qe5 30. Rf5 1-0

[Event "GRE-chT"]
[Site "Aghia Pelagia"]
[Date "2004.07.10"]
[Round "8.3"]
[White "Tzermiadianos, Andreas"]
[Black "Shahtahtinsky, Alekper"]
[Result "1-0"]
[WhiteElo "2452"]
[BlackElo "2326"]
[PlyCount "73"]
[EventDate "2004.07.04"]
[EventType "team-tourn"]
[EventRounds "9"]
[EventCountry "GRE"]
[SourceTitle "CBM 101 Extra"]
[Source "ChessBase"]
[SourceDate "2004.09.01"]
[SourceVersion "2"]
[SourceVersionDate "2004.09.01"]
[SourceQuality "1"]
[WhiteTeam "08"]
[BlackTeam "16"]
[WhiteTeamCountry "GRE"]
[BlackTeamCountry "GRE"]

1. e4 c5 2. c3 Nf6 3. e5 Nd5 4. Nf3 Nc6 5. d4 cxd4 6. cxd4 d6 7. Bc4 Nb6 8. Bb3 e6 9. Qe2 dxe5 10. dxe5 Nd4 11. Nxd4 Qxd4 12. 0-0 Bd7 13. Rd1 Qb4 14. Nc3 Be7 15. Be3 Bc6 16. Rd4 Qa5 17. Bf4 Nd7 18. Rad1 0-0-0 19. Ba4 Nb8 20. a3 Bxa4 21. Rxa4 Rxd1+ 22. Qxd1 Qb6 23. Qc2 Nc6 24. Be3 Bc5 25. Nd5 exd5 26. Bxc5 Qc7 27. Bd6 Qb6 28. Qf5+ Kd8 29. Qxf7 Qb3 30. Rd4 Qc2 31. Qc7+ Ke8 32. Qc8+ Kf7 33. Rf4+ Kg6 34. Qg4+ Kh6 35. Qh4+ Kg6 36. Rg4+ Kf7 37. Rxg7+ 1-0

[Event "Nikaia op 12th"]
[Site "Nikaia"]
[Date "2004.??.??"]
[Round "4"]
[White "Georgoulias, Dionisios"]
[Black "Shahtahtinsky, Alekper"]
[Result "0-1"]
[WhiteElo "2040"]
[BlackElo "2325"]
[PlyCount "104"]
[EventDate "2004.08.??"]
[EventType "swiss"]
[EventRounds "9"]
[EventCountry "GRE"]
[SourceTitle "EXT 2007"]
[Source "ChessBase"]
[SourceDate "2006.11.23"]
[SourceVersion "1"]
[SourceVersionDate "2006.11.23"]
[SourceQuality "1"]

1. c4 e5 2. Nc3 Bb4 3. Nd5 Bc5 4. e3 Nf6 5. Nxf6+ Qxf6 6. Ne2 0-0 7. d4 Bb4+ 8. Bd2 Bxd2+ 9. Qxd2 d6 10. Nc3 c6 11. Be2 Qg6 12. Bf3 f5 13. dxe5 dxe5 14. 0-0 Be6 15. b3 Na6 16. Na4 Rad8 17. Qc3 e4 18. Be2 Qf6 19. Rfd1 Qxc3 20. Nxc3 Kf7 21. Kf1 Ke7 22. Rxd8 Rxd8 23. Rd1 Rxd1+ 24. Bxd1 Kd6 25. Ke1 Nc5 26. Bc2 a5 27. f3 exf3 28. gxf3 g6 29. Kd2 Nd7 30. Ne2 Ne5 31. Nd4 Bd7 32. Bd1 Kc5 33. Kc3 b5 34. cxb5 cxb5 35. Be2 f4 36. exf4 b4+ 37. Kd2 Kxd4 38. fxe5 Kxe5 39. Ke3 g5 40. Bd3 h6 41. Bc2 Be6 42. Bd3 Bf5 43. Bxf5 Kxf5 44. Kf2 Kf4 45. Ke2 g4 46. fxg4 Kxg4 47. Kf2 Kf4 48. Kg2 Ke3 49. Kg3 Kd3 50. Kg4 Kc3 51. Kh5 Kb2 52. Kxh6 Kxa2 0-1

[Event "Nikaia op 12th"]
[Site "Nikaia"]
[Date "2004.??.??"]
[Round "8"]
[White "Nikolaidis, Ioannis"]
[Black "Shahtahtinsky, Alekper"]
[Result "1-0"]
[WhiteElo "2515"]
[BlackElo "2325"]
[PlyCount "69"]
[EventDate "2004.08.??"]
[EventType "swiss"]
[EventRounds "9"]
[EventCountry "GRE"]
[SourceTitle "EXT 2007"]
[Source "ChessBase"]
[SourceDate "2006.11.23"]
[SourceVersion "1"]
[SourceVersionDate "2006.11.23"]
[SourceQuality "1"]

1. e4 d6 2. d4 c6 3. c4 e5 4. Nf3 Bg4 5. Be2 Nd7 6. 0-0 Be7 7. Nbd2 Ngf6 8. Qc2 0-0 9. b3 exd4 10. Nxd4 Bxe2 11. Nxe2 d5 12. exd5 cxd5 13. Bb2 Qc7 14. Qf5 dxc4 15. Nxc4 Qc5 16. Nd4 Qxf5 17. Nxf5 Bc5 18. Rad1 Rfd8 19. Rd2 Ng4 20. Re2 Ngf6 21. g3 Bf8 22. Rd1 Nc5 23. Rxd8 Rxd8 24. Bxf6 gxf6 25. Nce3 Re8 26. Rd2 h5 27. Rd5 Re5 28. Rd8 Ne6 29. Rd7 Nc5 30. Rc7 a5 31. Kg2 b5 32. f4 Re6 33. Rc8 a4 34. bxa4 Nxa4 35. Nd5 1-0